| 000 | 00822nam a22002177a 4500 | ||
|---|---|---|---|
| 999 |
_c22708 _d22708 |
||
| 003 | AR-CdUCM | ||
| 008 | 231004b20082008pe aaaafr|||| 001 0 spa d | ||
| 040 |
_aMUNICIPALIDAD PROVINCIAL DEL CUSCO _cBIBLIOTECA MUNICIPAL DEL CUSCO |
||
| 082 |
_a371.4 / C514 _bC514 |
||
| 100 |
_aChafloque Millones, José Walter _948921 |
||
| 245 |
_aTutoría y Formación Personal / _cChafloque Millones, José Walter |
||
| 260 |
_aCusco : _bGráficos SOTO, _c2008. |
||
| 300 |
_a43 páginas. : _c20 cm. |
||
| 505 | _aOrientación en el mundo -- Concepción de tutoría -- Niveles de tutoría -- Intervención grupal. | ||
| 650 |
_aTutoría _927325 |
||
| 650 |
_aOrientación vocacional _936803 |
||
| 650 |
_aIntervención individual _948922 |
||
| 650 |
_aCrecimiento personal _948923 |
||
| 942 |
_2ddc _cLIBROS |
||
| 945 |
_apebm _d2023-10-04 |
||